000 00567nam a2200181Ia 4500
008 180921t2014 xxu||||| |||| 00| 0 sin d
041 _asin
080 _a92
_bCUN
100 _aCunxin, Li
245 _aමා ඕ සමයේ අවසන් නර්තන ශිල්පියා පියාඹන අශ්වයා
246 _aMa O Samaye Awasan Narthana Shilpiya
260 _bShiksha Mandira
_aColombo
_c2014
300 _b428p, 21cm
700 _aDaya Rohana Thukorala
_etr.
942 _cBK
999 _c1078
_d1078
003 LK-CoDNM
040 _aLK-CoDNM
_dLK-CoDNM
_eLK-CoDNM